| 000 | 01155cam a22003254a 4500 | ||
|---|---|---|---|
| 001 | 13144039 | ||
| 005 | 20150419101849.0 | ||
| 008 | 030401t2004 pauad frbd 001 0 eng d | ||
| 010 | _a2003045798 | ||
| 020 | _a0781735181 (alk. paper) | ||
| 020 | _a9780781735186 | ||
| 040 |
_aDNLM/DLC _cDLC _dDLC _dEG-ScBUE |
||
| 082 | 0 | 0 |
_a610.73072 _222 _bSTO |
| 100 | 1 |
_aStommel, Manfred. _936326 |
|
| 245 | 1 | 0 |
_aClinical research : _bconcepts and principles for advanced practice nurses / _cManfred Stommel, Celia E. Wills. |
| 260 |
_aPhiladelphia : _bLippincott Williams & Wilkins, _cc.2004. |
||
| 300 |
_axvi, 462 p. : _bforms, charts, tables ; _c23 cm. |
||
| 500 | _aIncludes appendixes. | ||
| 500 | _aGlossary : p. 435-445. | ||
| 500 | _aIndex : p. 447-462. | ||
| 504 | _aIncludes bibliographical references. | ||
| 650 | 0 |
_aNursing _xResearch _xMethodology. _936305 |
|
| 650 | 0 |
_aClinical medicine _xResearch _xMethodology. _928915 |
|
| 650 | 2 | 2 |
_aNursing Theory. _936317 |
| 650 | 2 | 2 |
_aResearch Design. _933285 |
| 653 |
_bNNUR _cOctober2014 _cApril2015 |
||
| 655 |
_vreading book _934232 |
||
| 700 | 1 |
_aWills, Celia. _936327 |
|
| 942 |
_2ddc _k610.73072 STO |
||
| 999 |
_c18498 _d18470 |
||